| 000 | 00523nam a2200205 4500 | ||
|---|---|---|---|
| 003 | OSt | ||
| 005 | 20160226184340.0 | ||
| 008 | 160226b xxu||||| |||| 00| 0 eng d | ||
| 020 | _a0333687191 | ||
| 040 | _c040a | ||
| 082 |
_a361.3 _bDOM 1997 |
||
| 100 |
_aDominelli, Lena _96853 |
||
| 245 |
_aAnti-racist social work / _cLena Dominelli |
||
| 250 | _a2nd.ed | ||
| 260 |
_aHampshire _bMacmillan Press _c1997 |
||
| 300 |
_axvi,192p; _c10cm |
||
| 504 | _aincludes index | ||
| 650 |
_aSocial work _96854 |
||
| 942 |
_2ddc _cSLOAN |
||
| 999 |
_c3091 _d3091 |
||